3 letters long Roman numerals - Statistics

General Stats
  • This quiz has been taken 686 times
  • The average score is 39 of 93
Answer Stats
NUMBER % Correct
3 (III)
97%
7 (VII)
95%
12 (XII)
94%
16 (XVI)
91%
30 (XXX)
91%
14 (XIV)
90%
19 (XIX)
90%
21 (XXI)
90%
25 (XXV)
88%
52 (LII)
83%
41 (XLI)
82%
54 (LIV)
82%
45 (XLV)
81%
56 (LVI)
81%
61 (LXI)
80%
59 (LIX)
79%
111 (CXI)
78%
102 (CII)
77%
70 (LXX)
77%
65 (LXV)
75%
104 (CIV)
73%
106 (CVI)
72%
109 (CIX)
71%
91 (XCI)
71%
95 (XCV)
70%
120 (CXX)
68%
115 (CXV)
67%
300 (CCC)
66%
151 (CLI)
63%
201 (CCI)
61%
155 (CLV)
57%
160 (CLX)
57%
140 (CXL)
56%
205 (CCV)
55%
210 (CCX)
53%
190 (CXC)
50%
250 (CCL)
49%
502 (DII)
38%
3000 (MMM)
37%
401 (CDI)
34%
410 (CDX)
33%
506 (DVI)
33%
405 (CDV)
32%
504 (DIV)
32%
511 (DXI)
32%
450 (CDL)
31%
509 (DIX)
31%
515 (DXV)
29%
520 (DXX)
28%
1002 (MII)
27%
555 (DLV)
27%
551 (DLI)
26%
700 (DCC)
26%
601 (DCI)
25%
540 (DXL)
24%
560 (DLX)
24%
1011 (MXI)
23%
1004 (MIV)
22%
1006 (MVI)
22%
605 (DCV)
21%
610 (DCX)
21%
1009 (MIX)
20%
2001 (MMI)
20%
590 (DXC)
20%
901 (CMI)
20%
650 (DCL)
19%
1015 (MXV)
18%
1020 (MXX)
17%
2005 (MMV)
17%
905 (CMV)
17%
910 (CMX)
17%
950 (CML)
17%
2010 (MMX)
16%
2050 (MML)
16%
1051 (MLI)
15%
1101 (MCI)
14%
2100 (MMC)
14%
2500 (MMD)
14%
1040 (MXL)
13%
1055 (MLV)
13%
1060 (MLX)
13%
1110 (MCX)
13%
1200 (MCC)
13%
1105 (MCV)
12%
1150 (MCL)
12%
1501 (MDI)
12%
1510 (MDX)
12%
1900 (MCM)
12%
1090 (MXC)
11%
1400 (MCD)
11%
1505 (MDV)
11%
1550 (MDL)
10%
1600 (MDC)
10%
No matching quizzes found
Score Distribution
Percent of People with Each Score
Percentile by Number Answered
Your Score History
You have not taken this quiz